书目信息 |
| 题名: |
家庭花卉的病虫害防治
|
|
| 作者: | 褚建君 , 张屹东 编 | |
| 分册: | ||
| 出版信息: | 上海 上海交通大学出版社 2011 |
|
| 页数: | 15,236页 | |
| 开本: | 23cm | |
| 丛书名: | ||
| 单 册: | ||
| 中图分类: | S436.8 | |
| 科图分类: | ||
| 主题词: | 花卉--病虫害防治--基本知识 | |
| 电子资源: | ||
| ISBN: | 978-7-313-07131-6 | |
| 000 | 00907nam0 2200241 450 | |
| 001 | 012015000413 | |
| 005 | 20150914161643.71 | |
| 010 | @a978-7-313-07131-6@dCNY18.00 | |
| 100 | @a20110622d2011 em y0chiy50 ea | |
| 101 | 0 | @achi |
| 102 | @aCN@b310000 | |
| 105 | @ay z 000yy | |
| 106 | @ar | |
| 200 | 1 | @a家庭花卉的病虫害防治@9jia ting hua hui de bing chong hai fang zhi@f褚建君,张屹东编 |
| 210 | @a上海@c上海交通大学出版社@d2011 | |
| 215 | @a15,236页@d23cm | |
| 330 | @a本书简明而系统地介绍了家庭花卉种植中常见的生理性病害与寄生性病害,并提供了相应的预防和治理的技术与方法。为了便于读者使用,采用了问答的方式来说明问题。此外,还利用植物学的若干原理,对常见花卉类型做了系统的编排。 | |
| 606 | 0 | @a花卉@x病虫害防治@x基本知识 |
| 690 | @aS436.8@v4 | |
| 701 | 0 | @a褚建君@9chu jian jun@4编 |
| 701 | 0 | @a张屹东@9zhang yi dong@4编 |
| 801 | 0 | @aCN@b碧洲教育@c20150716 |
| 905 | @a10447@f4@dS436.8@e105 | |
| 家庭花卉的病虫害防治/褚建君,张屹东编.-上海:上海交通大学出版社,2011 |
| 15,236页;23cm |
| ISBN 978-7-313-07131-6:CNY18.00 |
| 本书简明而系统地介绍了家庭花卉种植中常见的生理性病害与寄生性病害,并提供了相应的预防和治理的技术与方法。为了便于读者使用,采用了问答的方式来说明问题。此外,还利用植物学的若干原理,对常见花卉类型做了系统的编排。 |
| ● |
| 相关链接 |
|
|
|
|
正题名:家庭花卉的病虫害防治
索取号:S436.8/105
 
预约/预借
| 序号 | 登录号 | 条形码 | 馆藏地/架位号 | 状态 | 备注 |
| 1 | 0849397 | 208493977 | 第二样本阅览室/ [索取号:S436.8/105] | 在馆 | |
| 2 | 0849398 | 208493986 | 密集书库-生命科学系/ [索取号:S436.8/105] | 在馆 | |
| 3 | 0849399 | 208493995 | 第三借阅区/ [索取号:S436.8/105] | 在馆 | |
| 4 | 0849400 | 208494002 | 第三借阅区/ [索取号:S436.8/105] | 在馆 |